000 00714nam a22002537a 4500
003 UA-OsUOA
001 22731
007 ta
008 20031224b un ||||| |||| 00| 0 ukr d
090 _a232.9
_bС83
942 _cBK
040 _aUA-OsUOA
_brus
_cUA-OsUOA
_dUA-OsUOA
245 _aСтрадания спасителя мира Иисуса Христа по благодатным видениям блаж. Екатерины Эмерих
_cРед. Б. Н.Кирьянов
300 _a160 с.
955 _a0
041 _arus
080 _a232.9
020 _a5-82-92-0065-1
260 _aКиїв
_bУПЦ
_c1972
044 _aUA
250 _nПрепр.
650 7 _2UDC
999 _c308959
_d308959